00854nam a22002055i 4500001000700000003000900007005001700016008004100033040002000074100002600094245003200120260004400152300003800196490004900234505007600283830005700359852008700416999001900503952012600522156580ES-MaACL20230906210439.0040802s1874 gw |||| | eng d aCAM bspa cCAM1 aKeary, Annie.912843510aOldbury / cby Annie Keary. aLeipzig : bBernhard Tauchnitz, c1874. a2 v. (304; 304, 16 p.) ; c16 cm.1 aCollection of british authors ; v1398; 13998 aLas 16 p. corresponden al catálogo de Tauchnitz Edition de March 18740 aCollection of british authors ; v1398; 13999180703 aES-MaACLjG-11759 z-- Enc. hol. conservando las cub. originales z-- 2 t. en 1 v. c156580d156580 001040708LIBXIXaATENEOMbATENEOMcSPP3d2008-01-17eSSCl0oG-11759p1163821r2023-02-23 00:00:00w2023-02-23yMONANT